Adaptive control : (Record no. 70241)

000 -LEADER
fixed length control field 00742pam a2200241 i 4500
001 - CONTROL NUMBER
control field 4643849
003 - CONTROL NUMBER IDENTIFIER
control field NUST - PNEC
005 - DATE AND TIME OF LATEST TRANSACTION
control field 20170116181136.0
008 - FIXED-LENGTH DATA ELEMENTS--GENERAL INFORMATION
fixed length control field 790105s1979 nyua b 001 0 eng
010 ## - LIBRARY OF CONGRESS CONTROL NUMBER
LC control number 79000062
020 ## - INTERNATIONAL STANDARD BOOK NUMBER
International Standard Book Number 0824765486
040 ## - CATALOGING SOURCE
Original cataloging agency DLC
Transcribing agency LIBRARY
Modifying agency DLC
050 00 - LIBRARY OF CONGRESS CALL NUMBER
Classification number TJ217
Item number .L37
082 00 - DEWEY DECIMAL CLASSIFICATION NUMBER
Classification number 629.8312 LAN
100 1# - MAIN ENTRY--PERSONAL NAME
Personal name Landau, Yoan D.,
Dates associated with a name 1938-
245 10 - TITLE STATEMENT
Title Adaptive control :
Remainder of title the model reference approach /
Statement of responsibility, etc. Yoan D. Landau.
260 ## - PUBLICATION, DISTRIBUTION, ETC.
Place of publication, distribution, etc. New York :
Name of publisher, distributor, etc. Dekker,
Date of publication, distribution, etc. c1979.
300 ## - PHYSICAL DESCRIPTION
Extent xix, 406 p. :
Other physical details ill. ;
Dimensions 24 cm.
490 0# - SERIES STATEMENT
Series statement Control and systems theory ; v. 8
504 ## - BIBLIOGRAPHY, ETC. NOTE
Bibliography, etc. note Includes bibliographical references and index.
650 #0 - SUBJECT ADDED ENTRY--TOPICAL TERM
Topical term or geographic name entry element Adaptive control systems
General subdivision Mathematical models.
942 ## - ADDED ENTRY ELEMENTS (KOHA)
Source of classification or shelving scheme
Koha item type Book
Holdings
Withdrawn status Lost status Source of classification or shelving scheme Damaged status Not for loan Permanent Location Current Location Shelving location Date acquired Total Checkouts Full call number Barcode Date last seen Price effective from Koha item type
          Pakistan Navy Engineering College (PNEC) Pakistan Navy Engineering College (PNEC)   10/07/2015   629.8312 LAN PNECLIB-027137 10/07/2015   Book
© 2023 Central Library, National University of Sciences and Technology. All Rights Reserved.